Television Quiz

Random Television or WWE Quiz

WWE Elimination Chamber Contestants Quiz Stats

 Plays Quiz not verified by Sporcle

Challenge
Share
Tweet
Embed
Score 0/78 Timer 09:00
0 Plays Today
Year Wrestler % Correct
2002Triple H
98.4%
2003Triple H
98.4%
2005Triple H
98.4%
2008Triple H
98.4%
2009 1Triple H
98.4%
2010 1Triple H
98.4%
2006 1John Cena
95.6%
2009John Cena
95.6%
2011 1John Cena
95.6%
2002Kane
94.7%
2006 1Kane
94.7%
2009Kane
94.7%
2011Kane
94.7%
2002Shawn Michaels
94.4%
2003Shawn Michaels
94.4%
2006 1Shawn Michaels
94.4%
2008Shawn Michaels
94.4%
2003Randy Orton
94.1%
2005Edge
94.1%
2005Randy Orton
94.1%
2009 1Edge
94.1%
2009Edge
94.1%
2011 1Randy Orton
94.1%
2011Edge
94.1%
2008 1The Undertaker
93.3%
2009 1The Undertaker
93.3%
2010The Undertaker
93.3%
2002Chris Jericho
92.5%
2003Chris Jericho
92.5%
2005Chris Jericho
92.5%
2008Chris Jericho
92.5%
2009Chris Jericho
92.5%
2010Chris Jericho
92.5%
2006The Big Show
89.5%
2009 1The Big Show
89.5%
2005Batista
86%
2008 1Batista
86%
2009Rey Mysterio
84.6%
2010Rey Mysterio
84.6%
Year Wrestler % Correct
2011Rey Mysterio
84.6%
2006CM Punk
84.1%
2010CM Punk
84.1%
2011 1CM Punk
84.1%
2002Rob Van Dam
83.8%
2006Rob Van Dam
83.8%
2003Goldberg
80.3%
2002Booker T
79.1%
2010 1Kofi Kingston
76.6%
2005Chris Benoit
76%
2006 1Kurt Angle
74.7%
2010 1Sheamus
74.3%
2011 1Sheamus
74.3%
2006 1Carlito
71.5%
2006Bobby Lashley
70.5%
2006 1Chris Masters
69.3%
2003Kevin Nash
69.1%
2010R-Truth
68.5%
2011 1R-Truth
68.5%
2010John Morrison
66.6%
2011 1John Morrison
66.6%
2008Jeff Hardy
66.5%
2009 1Jeff Hardy
66.5%
2010 1Ted Dibiase
64.4%
2008 1Montel Vontavious Porter
62.9%
2006Test
62.7%
2008John 'Bradshaw' Layfield
59.3%
2008Umaga
58.8%
2008 1Finlay
58.7%
2008 1Big Daddy V
56.3%
2008 1The Great Khali
55.2%
2011Wade Barret
52.1%
2006Hardcore Holly
50.9%
2010 1John Cena
49.9%
2010 1Randy Orton
48.2%
2011Drew McIntyre
46.5%
2009Mike Knox
43.2%
2011Dolph Ziggler
41.2%
2009 1Vladimir Kozlov
38.1%

You're not logged in!

Compare scores with friends on all Sporcle quizzes.
OR
Log In

You Might Also Like...

Show Comments

Extras

Top Quizzes Today


Score Distribution

Your Account Isn't Verified!

In order to create a playlist on Sporcle, you need to verify the email address you used during registration. Go to your Sporcle Settings to finish the process.

Report this User

Report this user for behavior that violates our Community Guidelines.

Details: